| 000 | 00536nam a2200181Ia 4500 | ||
|---|---|---|---|
| 008 | 090124s9999 xx 000 0 und d | ||
| 082 | _b33918 | ||
| 100 | _aदुर्वे लालू | ||
| 245 | _a अॅनिमल आर्क | ||
| 250 | _a1 | ||
| 260 |
_bआरती प्रकाशन _c1997 |
||
| 300 | _a66 | ||
| 600 | _aदुर्वे लालू | ||
| 630 | _a अॅनिमल आर्क | ||
| 700 | _aदुर्वे लालू | ||
| 730 | _a अॅनिमल आर्क | ||
| 942 | _cBOOK | ||
| 999 |
_c99792 _d99792 |
||